Takarazuka : sexual politics and popular culture in modern Japan

Αποθηκεύτηκε σε:
Λεπτομέρειες βιβλιογραφικής εγγραφής
Κύριος συγγραφέας: Robertson, Jennifer Ellen
Μορφή: Βιβλίο
Γλώσσα:English
Δημοσίευση: Berkeley : University of California Press, c1998
Θέματα:
Ετικέτες: Προσθήκη ετικέτας
Δεν υπάρχουν, Καταχωρήστε ετικέτα πρώτοι!

MARC

LEADER 00000nam a2200000 i 4500
001 1/78302
008 050609s1998 eng d
020 |a 0-520-21151-0 
035 |l 10078467 
040 |a GR-MY-UA  |b gre  |e aacr 
041 0 |a eng 
082 0 |a 306.0952  |2 (22) 
100 1 |a Robertson, Jennifer Ellen. 
245 1 0 |a Takarazuka :  |b sexual politics and popular culture in modern Japan /  |c Jennifer Robertson 
260 |a Berkeley :   |b University of California Press,   |c c1998 
300 |a xvi, 278 σ.;  |b εικ.;  |c 24 εκ. 
504 |a Περιέχει βιβλιογραφία και ευρετήριο 
600 1 0 |a Takarazuka Kagekidan. 
650 0 0 |a Ethnology  |z Japan. 
650 0 0 |a Theater  |z Japan. 
650 0 0 |a Musicals  |z Japan. 
650 0 0 |a Popular culture  |z Japan. 
650 0 0 |a Sex role  |z Japan. 
650 0 0 |a Social structure  |z Japan. 
651 0 |a Japan  |x Social life and customs. 
852 |a INST  |b LESVOS  |e 20050609  |h 306.0952 ROB  |p 005100032157  |q 005100032157  |t BK  |y 0 
901 |a BIBL1-2005-2 
909 |a Λ  |b 120977 
920 |a ΕΠΕΑΕΚ ΚΟΙΝΩΝΙΚΗΣ ΑΝΘΡΩΠΟΛΟΓΙΑΣ ΚΑΙ ΙΣΤΟΡΙΑΣ  |y ΛΕΣΒΟΣ  |z 2005-01 
970 |a ΚΑΡΑ  |b ΓΙΑΣΕΜΗ  |z 2005/06/09